Normal view
MARC view
Entry Personal Name
001 - CONTROL NUMBER
- control field: 565637
003 - CONTROL NUMBER IDENTIFIER
- control field: OSt
005 - DATE AND TIME OF LATEST TRANSACTION
- control field: 20220930201236.0
008 - FIXED-LENGTH DATA ELEMENTS
- fixed length control field: 220930|| aca||aabn | a|a d
040 ## - CATALOGING SOURCE
- Original cataloging agency: OSt
- Transcribing agency: OSt
100 ## - HEADING--PERSONAL NAME
- Personal name: Aggarwal Shobha
670 ## - SOURCE DATA FOUND
- Source citation: Work cat.: (OSt)901640: Aggarwal Shobha, Hindi vyakaran (Kamta Prasad Guru) aur Hindi shabdanushasan (Kishori Das Vajpai) ke kriya vivechan ka tulnatmak adhyayan, 1978
